01143nam a22002775a 450000500170000000800410001702000180005804000380007608200190011410000180013324501580015126000380030930000350034750000240038250400410040659000420044765000520048965000360054165000390057765000350061665100100065165300380066194200080069999900170070795201410072420201128023935.0161025t2014 nyua frb 001 0 eng d a9781430265719 aEG-ScBUEbengcEG-ScBUEdEG-ScBUE04222a005.8bRUA1 aRuan, Xiaoyu.10aPlatform embedded security technology revealed :bsafeguarding the future of computing with intel embedded security and management engine /cXiaoyu Ruan. aNew York :bApress Open,cc.2014. axxiv, 246 p. :bill. ;c24 cm. aIndex : p. 239-246. aIncludes bibliographical references. aSuzan Ashmawy, revised by Rahma Essa. 72BUEshaData encryption (Computer science)92635 72BUEshaComputer security.92637 72BUEshaSoftware engineering.93832 72BUEshaComputer science.93608 2BUEsh bCOMSCIcOctober2016cNovember2016 2ddc c22845d22817 00102ddc40708AcademicaMAINbMAINcLOWd2016-10-25ePurchaseg359.00h9128l0o005.8 RUAp000045140r2025-07-15 00:00:00v450.00yBB